| 000 | 00422nam a2200169Ia 4500 | ||
|---|---|---|---|
| 008 | 230711s9999||||xx |||||||||||||| ||und|| | ||
| 020 | _a978-93-5014-391-9 | ||
| 041 | _aENG | ||
| 082 |
_a621.3815 _bGU-P |
||
| 100 | _aGupta J.B | ||
| 245 | 0 | _aPulse waveshaping and switching | |
| 250 | _a1st Ed. | ||
| 260 |
_c2013 _aNew Delhi _bS.K Kataria & Sons |
||
| 300 | _a379p. | ||
| 650 | _aElectronics Engineering | ||
| 942 | _cBK | ||
| 999 |
_c9726 _d9726 |
||